000 00577nam a22002297a 4500
999 _c459507
_d459507
001 216218589
003 UA-OsUOA
005 20200609094320.0
008 200609b un ||||| |||| 00| 0 ukr d
040 _aUA-OsUOA
_bukr
_cUA-OsUOA
_dUA-OsUOA
041 _aukr
080 _a821.161.2
090 _a821.161.2
_bТ98
100 _aТютюнник Г. М
245 _aТвори
_cГ. М. Тютюнник
260 _aКиїв
_bМолодь
_c1984
300 _a326 с.
505 _gТ.1
_tОповідання
650 _2821
942 _2udc
_cBK
955 _a3